[Event "NM for klubblag 2018"]
[Site "Quality Hotel Edvard Grieg, Bergen"]
[Date "2018.05.10"]
[Round "4"]
[White "Nordquelle, Daniel"]
[Black "Madland, Kristoffer"]
[Result "1-0"]
[WhiteElo "2287"]
[BlackElo "2130"]
[PlyCount "75"]
[EventDate "2018.??.??"]

1. e4 e6 2. d4 d5 3. Nc3 Bb4 4. e5 Ne7 5. Qg4 c5 6. dxc5 Nbc6 7. Bd2 O-O 8.
O-O-O f6 9. exf6 Rxf6 10. Bd3 Bxc5 11. Qh5 g6 12. Qh4 Qf8 13. f4 Nf5 14. Qe1
Nb4 15. Bxf5 Rxf5 16. Nf3 Bd7 17. Ne5 Be8 18. g4 Rxf4 19. Bxf4 Qxf4+ 20. Kb1 d4
21. Rf1 Qxh2 22. Rf2 Qh6 23. Ne4 d3 24. Nf6+ Kg7 25. Nxe8+ Rxe8 26. Rf7+ Kg8
27. cxd3 Nc6 28. Rxb7 Nd4 29. Nd7 Be7 30. Qf2 Qg7 31. Rf1 Rc8 32. Nf6+ Qxf6 33.
Qxf6 Bxf6 34. Rxf6 Ne2 35. a4 Rc1+ 36. Ka2 Rg1 37. Rxe6 Nd4 38. Re8#
1-0

[Event "NM for klubblag 2018"]
[Site "Quality Hotel Edvard Grieg, Be"]
[Date "2018.05.10"]
[Round "4"]
[White "Sivertsen, Jarle"]
[Black "Mongstad, Dag"]
[Result "1-0"]
[WhiteElo "1558"]
[BlackElo "1384"]
[PlyCount "85"]
[EventDate "2018.??.??"]

1. d4 d5 2. Bf4 Nf6 3. e3 c5 4. c3 Nc6 5. Nd2 Bf5 6. Ngf3 e6 7. Be2 Be7 8. Nh4
c4 9. Nxf5 exf5 10. b3 b5 11. a4 a6 12. Bg5 Ne4 13. Nxe4 fxe4 14. axb5 axb5 15.
Rxa8 Qxa8 16. Bxe7 Nxe7 17. O-O Qa3 18. bxc4 bxc4 19. Qa1 Qxa1 20. Rxa1 Nc8 21.
Bg4 Kd8 22. Bxc8 Kc7 23. Bg4 Rb8 24. f3 Rb3 25. Rc1 Kd6 26. Kf2 Rb2+ 27. Kf1
exf3 28. Bxf3 Ke6 29. e4 dxe4 30. Bxe4 f5 31. Bf3 g5 32. h3 Rb3 33. Be2 Kd5 34.
Kf2 Ra3 35. Rc2 Ra4 36. Kf3 h5 37. h4 gxh4 38. Kf4 h3 39. gxh3 Ke6 40. Bxh5 Ra8
41. Be2 Rc8 42. Rb2 Rh8 43. Bxc4+ 1-0

[Event "NM for klubblag 2018"]
[Site "Quality Hotel Edvard Grieg, Bergen"]
[Date "2018.05.10"]
[Round "4"]
[White "Shehzad, Alisha"]
[Black "Odde, Eilif"]
[Result "1/2-1/2"]
[WhiteElo "1669"]
[BlackElo "1974"]
[PlyCount "61"]
[EventDate "2018.??.??"]

1. e4 e6 2. d4 d5 3. Nd2 c5 4. exd5 exd5 5. Ngf3 Nf6 6. Bb5+ Bd7 7. Bxd7+ Nbxd7
8. O-O Be7 9. dxc5 Nxc5 10. Nd4 g6 11. N2b3 O-O 12. Bh6 Re8 13. Qf3 Nce4 14.
Rad1 Rc8 15. c3 a6 16. Rfe1 b5 17. a3 Qd7 18. h3 Qb7 19. Nc2 Bd8 20. Nb4 Bb6
21. Be3 Rcd8 22. Bxb6 Qxb6 23. Nxd5 Rxd5 24. Rxd5 Nxd5 25. Rxe4 Rxe4 26. Qxe4
Nf6 27. Qf3 Qe6 28. Nd4 Qe7 29. Kh2 Qe5+ 30. Qg3 Qd5 31. Nf3
1/2-1/2

[Event "NM for klubblag 2018"]
[Site "Quality Hotel Edvard Grieg, Bergen"]
[Date "2018.05.10"]
[Round "4"]
[White "Salomon, Johan"]
[Black "Ranaldi, Lucas"]
[Result "0-1"]
[WhiteElo "2482"]
[BlackElo "2251"]
[PlyCount "58"]
[EventDate "2018.??.??"]

1. e4 c6 2. d4 d5 3. exd5 cxd5 4. Bd3 Nc6 5. c3 Nf6 6. Ne2 Bg4 7. O-O e6 8. f3
Bh5 9. Nf4 Bg6 10. Nxg6 hxg6 11. Qe2 Bd6 12. g3 Qc7 13. f4 g5 14. fxg5 Bxg3 15.
hxg3 Qxg3+ 16. Qg2 Qxd3 17. gxf6 gxf6 18. Nd2 O-O-O 19. Rf3 Qc2 20. Rg3 Ne7 21.
Nf1 Qd1 22. Qf3 Qe1 23. b3 Rdg8 24. Ba3 Qxa1 25. Bxe7 Kd7 26. Bb4 Rh3 27. Kg2
Qxf1+ 28. Kxf1 Rgxg3 29. Qe2 Rh1+
0-1

[Event "NM for klubblag 2018"]
[Site "Quality Hotel Edvard Grieg, Bergen"]
[Date "2018.05.10"]
[Round "4"]
[White "Sandø, Øyvind Andreas"]
[Black "Sekkingstad, Thomas"]
[Result "0-1"]
[WhiteElo "1597"]
[BlackElo "1609"]
[PlyCount "50"]
[EventDate "2018.??.??"]

1. d4 d5 2. c4 c6 3. Nf3 Nf6 4. Nc3 dxc4 5. a4 Bf5 6. e3 e6 7. Bxc4 Be7 8. O-O
O-O 9. Qb3 Qb6 10. a5 Qxb3 11. Bxb3 Nbd7 12. Re1 Bb4 13. Ra4 c5 14. dxc5 Bxc3
15. bxc3 Nxc5 16. Ra3 b6 17. Bc4 Rac8 18. Be2 Bd3 19. c4 Rfd8 20. Kf1 h6 21.
axb6 axb6 22. Bb2 Bxe2+ 23. Kxe2 Nce4 24. Ne5 Rd2+ 25. Kf3 Rxb2
0-1

[Event "NM for klubblag 2018"]
[Site "Quality Hotel Edvard Grieg, Bergen"]
[Date "2018.05.10"]
[Round "4"]
[White "Vitenberg, Noam Aviv"]
[Black "Tryggestad, Andreas G"]
[Result "1/2-1/2"]
[WhiteElo "2103"]
[BlackElo "2251"]
[PlyCount "115"]
[EventDate "2018.??.??"]

1. d4 Nf6 2. c4 c5 3. d5 e6 4. Nc3 exd5 5. cxd5 d6 6. e4 g6 7. h3 a6 8. a4 Bg7
9. Nf3 O-O 10. Bd3 Qc7 11. O-O c4 12. Be2 Nbd7 13. Nd2 Nc5 14. Qc2 Re8 15. Re1
Nb3 16. Nxb3 cxb3 17. Qb1 Nd7 18. Be3 Nc5 19. Rc1 b6 20. Ra3 Qe7 21. Bf3 f5 22.
Bxc5 bxc5 23. Rxb3 fxe4 24. Nxe4 Bf5 25. Re1 Rab8 26. Rxb8 Rxb8 27. Qd3 a5 28.
Qa6 Be5 29. Ng3 Rxb2 30. Nxf5 gxf5 31. Qxa5 c4 32. Qa8+ Kg7 33. Qc8 Bh2+ 34.
Kf1 Qa7 35. Be2 Qd4 36. Qxf5 Be5 37. Qd7+ Kg6 38. Qe6+ Kg7 39. Qe7+ Kg6 40.
Qe6+ Kg7 41. Qf5 Rb7 42. Rd1 Qc5 43. Qg4+ Kh6 44. h4 Bf6 45. Qe6 Kg7 46. h5 h6
47. Qf5 Rf7 48. Bf3 c3 49. Qg6+ Kf8 50. Rb1 Qc7 51. Be4 Bd4 52. Qxh6+ Kg8 53.
Qg6+ Kf8 54. f3 Rg7 55. Qf5+ Rf7 56. Qg6 Rg7 57. Qf5+ Rf7 58. Qg6
1/2-1/2

[Event "NM for klubblag 2018"]
[Site "Quality Hotel Edvard Grieg, Bergen"]
[Date "2018.05.10"]
[Round "5"]
[White "Cithu, Arun Vijay"]
[Black "Aarnes, Eirik"]
[Result "0-1"]
[WhiteElo "1430"]
[BlackElo "1793"]
[PlyCount "36"]
[EventDate "2018.??.??"]

1. e4 d5 2. exd5 Nf6 3. d4 Bg4 4. Nf3 Qxd5 5. Be2 Nc6 6. c3 O-O-O 7. h3 Bf5 8.
Bd3 Bxd3 9. Qxd3 e5 10. c4 Qa5+ 11. Bd2 Bb4 12. Qf5+ Kb8 13. d5 e4 14. Qf4 exf3
15. dxc6 Rhe8+ 16. Kd1 Bxd2 17. Nxd2 Re2 18. Kc1 Rdxd2
0-1

[Event "NM for klubblag 2018"]
[Site "Quality Hotel Edvard Grieg, Bergen"]
[Date "2018.05.10"]
[Round "5"]
[White "Kvisla, Johannes Luangtep"]
[Black "Abdulrauf, Elham"]
[Result "1-0"]
[WhiteElo "2251"]
[BlackElo "2149"]
[PlyCount "35"]
[EventDate "2018.??.??"]

1. e4 c6 2. d4 d5 3. exd5 cxd5 4. c4 Nf6 5. Nc3 Nc6 6. Nf3 Bf5 7. cxd5 Nxd5 8.
Bb5 Rc8 9. Qa4 a6 10. Bxc6+ bxc6 11. O-O Bd3 12. Re1 e6 13. Ne5 Bb5 14. Qb3 Bd6
15. a4 Bxe5 16. Rxe5 Qa5 17. Bd2 O-O 18. Nxd5
1-0

[Event "NM for klubblag 2018"]
[Site "Quality Hotel Edvard Grieg, Be"]
[Date "2018.05.13"]
[Round "5"]
[White "Agustsson, Hafsteinn"]
[Black "SandÃ¸, Ã~yvind Andreas"]
[Result "1-0"]
[WhiteElo "1867"]
[BlackElo "1597"]
[PlyCount "77"]
[EventDate "2018.??.??"]

1. e4 c5 2. Nf3 e6 3. d4 cxd4 4. Nxd4 Nc6 5. Nc3 Qc7 6. Be2 Nf6 7. O-O a6 8.
Nb3 Bb4 9. f3 O-O 10. Be3 Re8 11. Na4 d5 12. Bb6 Qe5 13. f4 Qb8 14. c3 Bf8 15.
e5 Nd7 16. Bd3 Nxb6 17. Nxb6 Qa7 18. Bxh7+ Kxh7 19. Qc2+ g6 20. Qf2 Rb8 21. Nd2
Bg7 22. Qc5 Bf8 23. Qf2 Rd8 24. Kh1 Kg8 25. Rad1 Bd7 26. Nf3 Be7 27. h3 Kg7 28.
Nh2 d4 29. Nxd7 Rxd7 30. g4 Rbd8 31. f5 exf5 32. gxf5 Nxe5 33. f6+ Bxf6 34.
Qxf6+ Kg8 35. Qxe5 Qb6 36. Ng4 Qc6+ 37. Kg1 Rd6 38. Nh6+ Kh7 39. Nxf7 1-0

[Event "NM for klubblag 2018"]
[Site "Quality Hotel Edvard Grieg, Bergen"]
[Date "2018.05.10"]
[Round "5"]
[White "Aulin-Jansson, Jøran"]
[Black "Svensen, Tarjei Joten"]
[Result "1-0"]
[WhiteElo "2287"]
[BlackElo "2074"]
[PlyCount "81"]
[EventDate "2018.??.??"]

1. Nf3 Nf6 2. d4 d5 3. c4 c6 4. Nc3 e6 5. Bg5 Nbd7 6. e3 Qa5 7. Nd2 Bb4 8. Qc2
h6 9. Bh4 O-O 10. a3 Bxc3 11. Qxc3 Qxc3 12. bxc3 Re8 13. f4 b6 14. Bd3 Bb7 15.
Rg1 c5 16. g4 Ne4 17. Nxe4 dxe4 18. Be2 g6 19. d5 Rac8 20. Rd1 exd5 21. cxd5 c4
22. Rd4 b5 23. Kd2 Rc5 24. d6 f6 25. Rb1 Bc6 26. a4 a6 27. axb5 axb5 28. Ra1
Ra8 29. Rxa8+ Bxa8 30. g5 hxg5 31. fxg5 f5 32. Bg3 Kf7 33. Kc2 Ke6 34. Rd1 Bc6
35. h4 Ne5 36. h5 gxh5 37. Rh1 Kxd6 38. Rxh5 Ke7 39. Rh7+ Kf8 40. Rc7 Nd3 41.
Bd6+
1-0

[Event "NM for klubblag 2018"]
[Site "Quality Hotel Edvard Grieg, Be"]
[Date "2018.05.13"]
[Round "5"]
[White "Fossan, Aleksander"]
[Black "Ayzenberg, Alena"]
[Result "1-0"]
[WhiteElo "2132"]
[BlackElo "1899"]
[PlyCount "105"]
[EventDate "2018.??.??"]

1. e4 e6 2. d4 d5 3. Nc3 Bb4 4. Nge2 dxe4 5. a3 Be7 6. Nxe4 Nf6 7. Nxf6+ Bxf6
8. Be3 c5 9. Qd2 Nc6 10. c3 Na5 11. dxc5 Qxd2+ 12. Bxd2 Nb3 13. Rd1 Nxc5 14.
Be3 b6 15. Nd4 O-O 16. Bb5 Bb7 17. O-O Bxd4 18. Rxd4 a6 19. Be2 b5 20. Rfd1 e5
21. Rd6 Ne6 22. Bg4 Nf4 23. g3 Ng6 24. Bc5 Be4 25. R6d2 Rfb8 26. f3 f5 27. Bh5
Bb7 28. Rd7 Bc6 29. R7d6 Rc8 30. b4 Ne7 31. Re6 Nd5 32. Rxc6 Rxc6 33. Rxd5 g6
34. Rxe5 Rf6 35. g4 gxh5 36. gxf5 Rf7 37. Kf2 Rd7 38. Bd4 Kf7 39. f6 Kg6 40.
Kg3 Rc8 41. Re6 Ra8 42. Kh4 Kf7 43. Rc6 Kg6 44. f4 Kf5 45. Be5 Kg6 46. h3 Raa7
47. Bd4 Ra8 48. Rc5 Re8 49. Rg5+ Kf7 50. Rg7+ Ke6 51. f5+ Kd6 52. Bc5+ Kc6 53.
Rxd7 1-0

[Event "NM for klubblag 2018"]
[Site "Quality Hotel Edvard Grieg, Bergen"]
[Date "2018.05.10"]
[Round "5"]
[White "Madland, Kristoffer"]
[Black "Bern, Ivar"]
[Result "1/2-1/2"]
[WhiteElo "2130"]
[BlackElo "2308"]
[PlyCount "66"]
[EventDate "2018.??.??"]

1. d4 f5 2. Bg5 g6 3. Nc3 Bg7 4. e4 fxe4 5. Nxe4 d5 6. Nc5 b6 7. Nb3 c5 8. Nf3
c4 9. Nbd2 Nc6 10. c3 Qd6 11. Be2 b5 12. a3 Nh6 13. O-O O-O 14. Re1 Nf5 15. g3
Bb7 16. Bf1 e5 17. dxe5 Nxe5 18. Nxe5 Bxe5 19. Nf3 Bf6 20. Bg2 d4 21. Bxf6 Qxf6
22. cxd4 Rad8 23. Qe2 Nxg3 24. hxg3 Bxf3 25. Bxf3 Qxf3 26. Rad1 Qxe2 27. Rxe2
Rfe8 28. Re3 Kf7 29. Kf1 Re6 30. Ke2 Red6 31. Re4 Rd5 32. Ke3 Kf6 33. Rc1 R8d7
1/2-1/2

[Event "NM for klubblag 2018"]
[Site "Quality Hotel Edvard Grieg, Bergen"]
[Date "2018.05.10"]
[Round "5"]
[White "Khan, Imad Ali"]
[Black "Bolstad, Henning"]
[Result "1-0"]
[WhiteElo "1549"]
[BlackElo "1960"]
[PlyCount "51"]
[EventDate "2018.??.??"]

1. d4 d5 2. c4 Nf6 3. Nf3 Bg4 4. Qb3 b6 5. e3 Bxf3 6. gxf3 e6 7. Nc3 c6 8. Bd3
Qc7 9. Bd2 Bd6 10. cxd5 exd5 11. Rc1 a6 12. e4 dxe4 13. fxe4 Bf4 14. e5 Bxd2+
15. Kxd2 Nfd7 16. Rhg1 O-O 17. Ne4 Qd8 18. Rg4 a5 19. Rcg1 g6 20. Ng5 a4 21.
Qc2 c5 22. Nxh7 c4 23. Bxg6 Nxe5 24. Bxf7+ Kxf7 25. Qf5+ Ke7 26. Qxe5+
1-0

[Event "NM for klubblag 2018"]
[Site "Quality Hotel Edvard Grieg, Bergen"]
[Date "2018.05.10"]
[Round "5"]
[White "Haug, Johannes"]
[Black "Christiansen, Johan-Sebastian"]
[Result "1/2-1/2"]
[WhiteElo "2387"]
[BlackElo "2499"]
[PlyCount "80"]
[EventDate "2018.??.??"]

1. d4 Nf6 2. c4 e6 3. Nf3 d5 4. Nc3 Bb4 5. Qb3 c5 6. dxc5 Na6 7. a3 Bxc3+ 8.
Qxc3 Nxc5 9. cxd5 Qxd5 10. Be3 Nce4 11. Qe5 O-O 12. Rd1 Qb3 13. Nd2 Nxd2 14.
Bxd2 Rd8 15. Qc3 Qxc3 16. Bxc3 Rxd1+ 17. Kxd1 Ne4 18. Bd4 Bd7 19. f3 Ba4+ 20.
Ke1 Rd8 21. e3 e5 22. fxe4 exd4 23. Bd3 dxe3 24. Ke2 Bc2 25. Bxc2 Rd2+ 26. Kxe3
Rxc2 27. Rd1 Kf8 28. Rd2 Rxd2 29. Kxd2 Ke7 30. Ke3 Kd6 31. Kd4 f6 32. b4 b5 33.
g3 h5 34. h3 g5 35. Kd3 Ke5 36. Ke3 a6 37. Kd3 Ke6 38. Ke3 Ke5 39. Kd3 Ke6 40.
Ke3 Ke5
1/2-1/2

[Event "NM for klubblag 2018"]
[Site "Quality Hotel Edvard Grieg, Bergen"]
[Date "2018.05.10"]
[Round "5"]
[White "Marosevic, Tomislav"]
[Black "Cithu, Arjun Vijay"]
[Result "0-1"]
[WhiteElo "1605"]
[BlackElo "1276"]
[PlyCount "40"]
[EventDate "2018.??.??"]

1. d4 d5 2. Nf3 Bg4 3. Nbd2 Nf6 4. g3 Nbd7 5. Bg2 e6 6. O-O c5 7. c4 Bd6 8. e3
O-O 9. Qc2 Bf5 10. Qb3 Qc7 11. cxd5 exd5 12. Nh4 c4 13. Qc3 Be6 14. Re1 b5 15.
a3 a5 16. b3 b4 17. Qb2 c3 18. Qa2 cxd2 19. Qxd2 Qc3 20. Qxc3 bxc3
0-1

[Event "NM for klubblag 2018"]
[Site "Quality Hotel Edvard Grieg, Bergen"]
[Date "2018.05.10"]
[Round "5"]
[White "Gullaksen, Eirik"]
[Black "Dahl, Max"]
[Result "1-0"]
[WhiteElo "2363"]
[BlackElo "1926"]
[PlyCount "119"]
[EventDate "2018.??.??"]

1. e4 c6 2. d4 d5 3. Nc3 dxe4 4. Nxe4 Bf5 5. Ng3 Bg6 6. Bc4 e6 7. N1e2 Bd6 8.
Nf4 Qc7 9. Nfh5 Bxh5 10. Nxh5 g6 11. Ng3 Nd7 12. Ne4 Be7 13. Qf3 Nb6 14. Bb3
Qd8 15. c3 Nf6 16. Bh6 Nxe4 17. Qxe4 Nd5 18. O-O Bf8 19. Bd2 Bg7 20. c4 Nf6 21.
Qh4 Nh5 22. Qxd8+ Rxd8 23. d5 O-O 24. Bb4 Rfe8 25. dxc6 bxc6 26. Ba4 Rc8 27.
Bc5 Red8 28. Rad1 Bxb2 29. Bxa7 Nf6 30. Rxd8+ Rxd8 31. Bxc6 Rc8 32. Bb5 Ra8 33.
Rb1 Bc3 34. Bc5 Rxa2 35. f3 e5 36. Rd1 Ra8 37. Rc1 Bd2 38. Rc2 Bh6 39. Re2 Bg7
40. Bd6 e4 41. fxe4 Ng4 42. g3 Ra1+ 43. Kg2 Bd4 44. e5 Rc1 45. Kf3 Nh6 46. Ra2
f5 47. e6 Rf1+ 48. Kg2 Rg1+ 49. Kh3 g5 50. e7 g4+ 51. Kh4 Bf6+ 52. Kh5 Bxe7 53.
Bxe7 Nf7 54. Bd7 Rf1 55. c5 Ne5 56. Be6+ Kg7 57. Ra8 Nf7 58. Ra7 Rf2 59. Bh4
Rxh2 60. Rxf7+
1-0

[Event "NM for klubblag 2018"]
[Site "Quality Hotel Edvard Grieg, Bergen"]
[Date "2018.05.10"]
[Round "5"]
[White "Elseth, Roar"]
[Black "Tisdall, Jonathan D"]
[Result "0-1"]
[WhiteElo "2331"]
[BlackElo "2402"]
[PlyCount "86"]
[EventDate "2018.??.??"]

1. e4 c5 2. Nf3 e6 3. d4 cxd4 4. Nxd4 a6 5. Bd3 Nf6 6. O-O d6 7. Re1 b6 8. c4
Bb7 9. Nc3 Be7 10. Qf3 Nbd7 11. Qh3 Ne5 12. Bf1 Rc8 13. b3 O-O 14. Bb2 Ng6 15.
Rad1 Rc5 16. Qe3 Ng4 17. Qe2 h5 18. g3 Nf6 19. Bg2 h4 20. Na4 Re5 21. f4 Rxe4
22. Bxe4 Nxe4 23. Qc2 Qa8 24. Nxb6 Qa7 25. Nxe6 Qxb6+ 26. Bd4 Qc6 27. Qxe4 Qxe4
28. Rxe4 Bxe4 29. Nxf8 Nxf8 30. b4 Ne6 31. Be3 hxg3 32. hxg3 Kf8 33. a4 Bc2 34.
Ra1 Bf6 35. Ra3 Ke7 36. a5 Kd7 37. b5 Nc5 38. g4 Kc7 39. g5 Bb2 40. Bxc5 dxc5
41. Rh3 axb5 42. cxb5 c4 43. Kf1 Bd3+
0-1

[Event "NM for klubblag 2018"]
[Site "Quality Hotel Edvard Grieg, Bergen"]
[Date "2018.05.10"]
[Round "5"]
[White "Woldseth, Ole"]
[Black "Fuglestein, Sander"]
[Result "1/2-1/2"]
[WhiteElo "2073"]
[BlackElo "1837"]
[PlyCount "97"]
[EventDate "2018.??.??"]

1. d4 d5 2. c4 e6 3. Nc3 Nf6 4. Bg5 Nbd7 5. e3 c6 6. Nf3 Be7 7. cxd5 exd5 8.
Qc2 O-O 9. Bd3 Re8 10. O-O Nf8 11. h3 Ne4 12. Bxe7 Qxe7 13. Bxe4 dxe4 14. Nd2
f5 15. f4 exf3 16. Rxf3 Be6 17. Re1 Kh8 18. a3 Rad8 19. Qa4 a6 20. b4 g6 21.
Rf2 Nd7 22. Qa5 Bg8 23. Nf3 Bc4 24. Qc7 Nf6 25. Qxe7 Rxe7 26. Ne5 Be6 27. Na4
Kg7 28. Nc5 Bc8 29. Nxa6 bxa6 30. Nxc6 Rde8 31. Nxe7 Rxe7 32. Rc2 Bb7 33. Rec1
Nd5 34. Kf2 Kf6 35. Re2 Re4 36. g3 h5 37. h4 Ke6 38. Rc4 Kd6 39. Rc5 Kd7 40.
Re1 Kd6 41. b5 axb5 42. Rxb5 Bc6 43. Rb8 Re6 44. Rb3 Re7 45. Rb8 Re6 46. Rd8+
Kc7 47. Rg8 Kd6 48. Rd8+ Kc7 49. Rg8
1/2-1/2

[Event "NM for klubblag 2018"]
[Site "Quality Hotel Edvard Grieg, Bergen"]
[Date "2018.05.10"]
[Round "5"]
[White "Østenstad, Berge"]
[Black "Gausel, Einar J"]
[Result "1-0"]
[WhiteElo "2442"]
[BlackElo "2453"]
[PlyCount "71"]
[EventDate "2018.??.??"]

1. d4 Nf6 2. c4 e6 3. Nc3 Bb4 4. Qc2 O-O 5. Nf3 d6 6. a3 Bxc3+ 7. Qxc3 b6 8. e3
Nbd7 9. b4 Bb7 10. Bd3 a5 11. Bb2 axb4 12. axb4 Rxa1+ 13. Bxa1 Qa8 14. Be2 Qa2
15. Bb2 Qb1+ 16. Bd1 Ra8 17. Nd2 Qg6 18. Rg1 e5 19. dxe5 Nxe5 20. Bc2 Ne4 21.
Qd4 f5 22. Nxe4 fxe4 23. Kf1 c5 24. Qc3 Qf7 25. Ke1 Nxc4 26. Bb3 Bd5 27. Bxc4
Bxc4 28. f4 Ra4 29. bxc5 bxc5 30. Kf2 Rb4 31. Ra1 h6 32. Ra8+ Kh7 33. Ba1 Rb3
34. Qc2 d5 35. Be5 d4 36. Qxe4+
1-0

[Event "NM for klubblag 2018"]
[Site "Quality Hotel Edvard Grieg, Bergen"]
[Date "2018.05.10"]
[Round "5"]
[White "Getz, Nicolai"]
[Black "Risting, Eivind Olav"]
[Result "1-0"]
[WhiteElo "2411"]
[BlackElo "2297"]
[PlyCount "81"]
[EventDate "2018.??.??"]

1. Nf3 Nf6 2. g3 b6 3. Bg2 Bb7 4. O-O c5 5. d3 e6 6. e4 d5 7. e5 Nfd7 8. Re1
Be7 9. h4 Nc6 10. c3 h6 11. h5 Qc7 12. Qe2 Rc8 13. Nbd2 b5 14. Nf1 b4 15. Bd2
a5 16. g4 a4 17. c4 dxc4 18. dxc4 Nd4 19. Nxd4 cxd4 20. Rac1 Nc5 21. Ng3 Bxg2
22. Kxg2 Qb7+ 23. Ne4 O-O 24. f3 Rfd8 25. Nxc5 Rxc5 26. Qd3 Qb8 27. f4 Rc7 28.
Re4 Bc5 29. g5 hxg5 30. fxg5 Rdd7 31. g6 b3 32. a3 Rb7 33. Rf1 Qe8 34. Rg4 Qb8
35. Qg3 f5 36. exf6 Qxg3+ 37. Rxg3 gxf6 38. Rxf6 Bxa3 39. h6 Rd8 40. g7 Kh7 41.
bxa3
1-0

[Event "NM for klubblag 2018"]
[Site "Quality Hotel Edvard Grieg, Bergen"]
[Date "2018.05.10"]
[Round "5"]
[White "Grandelius, Nils"]
[Black "Salomon, Johan"]
[Result "1-0"]
[WhiteElo "2651"]
[BlackElo "2482"]
[PlyCount "107"]
[EventDate "2018.??.??"]

1. e4 e5 2. Nf3 Nc6 3. Bb5 Nf6 4. d3 Bc5 5. c3 O-O 6. O-O d6 7. Nbd2 Ne7 8. d4
exd4 9. cxd4 Bb6 10. Re1 Bg4 11. h3 Bh5 12. Qb3 Ba5 13. Bf1 Rb8 14. Re3 Bb6 15.
Qc3 Bg6 16. a4 a6 17. a5 Ba7 18. Re1 d5 19. exd5 Nfxd5 20. Qb3 Nf5 21. Bc4 c6
22. Bxd5 cxd5 23. Qa4 Rc8 24. b3 Qf6 25. Ba3 Rfd8 26. Bc5 Bxc5 27. dxc5 h6 28.
Rac1 d4 29. Ne4 Qc6 30. Qxc6 Rxc6 31. g4 Ne7 32. Nd6 Rc7 33. Nxd4 Nd5 34. Re8+
Rxe8 35. Nxe8 Re7 36. Nd6 Nf4 37. Rc3 Re1+ 38. Kh2 Be4 39. Nxe4 Rxe4 40. c6
bxc6 41. Nxc6 Re2 42. Kg3 g5 43. b4 Re1 44. Kf3 Rh1 45. Rc4 Rxh3+ 46. Ke4 Rb3
47. f3 Ng2 48. Nd4 Re3+ 49. Kd5 Re8 50. Rc7 Rd8+ 51. Kc5 Ne3 52. Nc6 Rd1 53.
Rc8+ Kg7 54. Kb6
1-0

[Event "NM for klubblag 2018"]
[Site "Quality Hotel Edvard Grieg, Bergen"]
[Date "2018.05.10"]
[Round "5"]
[White "Hagesæther, Halvard"]
[Black "Martinsen, Stig K"]
[Result "1/2-1/2"]
[WhiteElo "2239"]
[BlackElo "2205"]
[PlyCount "27"]
[EventDate "2018.??.??"]

1. e4 d6 2. d4 Nf6 3. Nc3 g6 4. g3 Bg7 5. Bg2 O-O 6. Nge2 Nbd7 7. h3 Rb8 8. a4
c5 9. Be3 b6 10. O-O Bb7 11. d5 a6 12. Qd2 b5 13. axb5 axb5 14. Bh6
1/2-1/2

[Event "NM for klubblag 2018"]
[Site "Quality Hotel Edvard Grieg, Bergen"]
[Date "2018.05.10"]
[Round "5"]
[White "Haldorsen, Benjamin"]
[Black "Lindbøl, Aleksander"]
[Result "1-0"]
[WhiteElo "2419"]
[BlackElo "2136"]
[PlyCount "96"]
[EventDate "2018.??.??"]

1. e4 c6 2. d4 d5 3. Nd2 dxe4 4. Nxe4 Bf5 5. Ng3 Bg6 6. h4 h6 7. Nf3 Nd7 8. h5
Bh7 9. Bd3 Bxd3 10. Qxd3 e6 11. Bd2 Ngf6 12. O-O-O Be7 13. Kb1 O-O 14. Ne4 Nxe4
15. Qxe4 Nf6 16. Qe2 Qd5 17. Ne5 Qe4 18. Qxe4 Nxe4 19. Be1 Bd6 20. f3 Nf6 21.
Bf2 Rfd8 22. Nd3 Nd5 23. g4 Nf4 24. Ne5 f6 25. Nc4 Bc7 26. c3 Kf7 27. Kc2 Rd7
28. a4 a5 29. Ra1 Nd5 30. Rhe1 Re8 31. Re4 Rde7 32. Bh4 Rb8 33. f4 b5 34. axb5
cxb5 35. Nxa5 Ra8 36. b4 Bxf4 37. Rf1 Ne3+ 38. Kd3 Bg5 39. Rxe3 Bxh4 40. Nc6
Bg5 41. Re5 Rc7 42. Rc5 Ke8 43. Re1 Kd7 44. Na5 Rxc5 45. dxc5 f5 46. gxf5 exf5
47. c4 bxc4+ 48. Nxc4 Bf6
1-0

[Event "NM for klubblag 2018"]
[Site "Quality Hotel Edvard Grieg, Bergen"]
[Date "2018.05.10"]
[Round "5"]
[White "Hammer, Jon Ludvig"]
[Black "Urkedal, Frode Olav Olsen"]
[Result "1-0"]
[WhiteElo "2631"]
[BlackElo "2548"]
[PlyCount "121"]
[EventDate "2018.??.??"]

1. c4 Nf6 2. Nc3 e6 3. Nf3 d5 4. d4 Be7 5. Bf4 O-O 6. e3 Nbd7 7. c5 c6 8. h3 b6
9. b4 a5 10. a3 Bb7 11. Bd3 Qc8 12. O-O Ba6 13. Qc2 Bxd3 14. Qxd3 Qb7 15. Rfc1
Rfc8 16. Qc2 Bd8 17. Rab1 axb4 18. axb4 b5 19. Ra1 Bc7 20. g3 h6 21. Kg2 Ne8
22. Qb2 Rxa1 23. Rxa1 Ra8 24. Rxa8 Qxa8 25. Bxc7 Nxc7 26. Ne5 Nb8 27. h4 Ne8
28. g4 f6 29. Ng6 Qb7 30. Ne2 Qf7 31. Nef4 Qd7 32. Kg3 Nc7 33. h5 Nca6 34. Qa3
Qc7 35. Kh3 Kf7 36. Nd3 Qc8 37. f3 Qd8 38. Qa1 Kg8 39. e4 dxe4 40. fxe4 Nc7 41.
Ndf4 Nba6 42. Qb2 Kh7 43. e5 Kg8 44. Kg3 Kf7 45. exf6 gxf6 46. Nh4 Nd5 47. Nxd5
Qxd5 48. Qb1 f5 49. Nf3 Ke8 50. g5 hxg5 51. h6 g4 52. Ng5 Qxd4 53. h7 Qe5+ 54.
Kg2 Qe2+ 55. Kh1 Qe5 56. Qd1 Qf6 57. Qd6 Qa1+ 58. Kg2 Qb2+ 59. Kg3 f4+ 60. Qxf4
Qb3+ 61. Kh4
1-0

[Event "NM for klubblag 2018"]
[Site "Quality Hotel Edvard Grieg, Bergen"]
[Date "2018.05.10"]
[Round "5"]
[White "Tunsjø, Axel"]
[Black "Hammerstad, Asmund"]
[Result "0-1"]
[WhiteElo "1901"]
[BlackElo "2211"]
[PlyCount "34"]
[EventDate "2018.??.??"]

1. e4 e6 2. d4 d5 3. Nd2 Nc6 4. c3 e5 5. dxe5 dxe4 6. Qe2 Nxe5 7. Nxe4 Qe7 8.
Be3 b6 9. g3 Bg4 10. Qc2 O-O-O 11. f4 Nd7 12. Kf2 Re8 13. Bg2 Bf5 14. Nd6+ cxd6
15. Qxf5 Qxe3+ 16. Kf1 Ngf6 17. Qb5 d5
0-1

[Event "NM for klubblag 2018"]
[Site "Quality Hotel Edvard Grieg, Be"]
[Date "2018.05.13"]
[Round "5"]
[White "Haugsdal, Arn-Tore"]
[Black "LillelÃ¸kken, Kjell Arne"]
[Result "0-1"]
[WhiteElo "1987"]
[BlackElo "2104"]
[PlyCount "72"]
[EventDate "2018.??.??"]

1. e4 e6 2. d4 d5 3. e5 c5 4. c3 Nc6 5. Nf3 Bd7 6. Be2 f5 7. Na3 cxd4 8. cxd4
a6 9. Ng5 Bb4+ 10. Kf1 Nge7 11. Nc2 Ba5 12. b4 Bc7 13. a4 O-O 14. Ra3 h6 15. h4
Rc8 16. Bh5 Nxe5 17. dxe5 Bxe5 18. Nf3 Bf6 19. Bf4 Rc4 20. Bd6 Qc8 21. Nce1 Rc1
22. Qe2 Qc6 23. Bf4 Qc4 24. Bxc1 Qxc1 25. Re3 g6 26. Ne5 Bxa4 27. Qa2 Bb5+ 28.
Be2 f4 29. Bxb5 fxe3 30. Ng4 Bc3 31. Qe2 Bxe1 32. Qxe1 Qxe1+ 33. Kxe1 exf2+ 34.
Nxf2 axb5 35. Ke2 Nf5 36. h5 Ng3+ 0-1

[Event "NM for klubblag 2018"]
[Site "Quality Hotel Edvard Grieg, Bergen"]
[Date "2018.05.10"]
[Round "5"]
[White "Sivertsen, Jarle"]
[Black "Hersvik, Daniel"]
[Result "0-1"]
[WhiteElo "1558"]
[BlackElo "2215"]
[PlyCount "64"]
[EventDate "2018.??.??"]

1. d4 g6 2. Bf4 Bg7 3. Nc3 c5 4. e3 cxd4 5. exd4 Nf6 6. Nf3 O-O 7. Qd2 d5 8.
Bh6 Nc6 9. Bxg7 Kxg7 10. Be2 Ne4 11. Nxe4 dxe4 12. Ne5 Qxd4 13. Nxc6 Qxd2+ 14.
Kxd2 bxc6 15. Ke3 f5 16. Rhd1 Rb8 17. b3 Be6 18. Rd4 f4+ 19. Kxe4 Bd5+ 20. Rxd5
cxd5+ 21. Kxd5 Rbd8+ 22. Kc6 Rc8+ 23. Kb7 Rxc2 24. Bf3 a5 25. Kb6 a4 26. bxa4
Rb8+ 27. Ka7 Rb4 28. a5 Rc7+ 29. Ka8 Ra4 30. Kb8 Rc2 31. Bd5 Rxa5 32. Re1 Rxd5
0-1

[Event "NM for klubblag 2018"]
[Site "Quality Hotel Edvard Grieg, Bergen"]
[Date "2018.05.10"]
[Round "5"]
[White "Seglem, Ole Andre"]
[Black "Hina, Ariza"]
[Result "1/2-1/2"]
[WhiteElo "1373"]
[BlackElo "1496"]
[PlyCount "73"]
[EventDate "2018.??.??"]

1. d4 d5 2. c4 c6 3. Nf3 Nf6 4. Nc3 Nbd7 5. Bf4 e6 6. e3 Be7 7. h3 O-O 8. Bd3
dxc4 9. Bxc4 b5 10. Bd3 a6 11. a3 c5 12. Be2 Bb7 13. O-O Nb6 14. Qc2 Rc8 15.
Qb1 Nfd5 16. Bh2 cxd4 17. Nxd5 Qxd5 18. exd4 Bd6 19. Bxd6 Qxd6 20. Rd1 Qc6 21.
Qd3 Qc2 22. Qxc2 Rxc2 23. Rd2 Rfc8 24. Rad1 Rc1 25. Bf1 R8c2 26. Be2 Nc4 27.
Rxc2 Rxc2 28. Bd3 Rxb2 29. d5 Nd6 30. dxe6 fxe6 31. Bxh7+ Kxh7 32. Rxd6 Bxf3
33. gxf3 Rb3 34. Rxa6 Rxf3 35. Kg2 Rb3 36. a4 bxa4 37. Rxa4
1/2-1/2